Products by Designer Quiz Stats

 Plays Quiz not verified by Sporcle

Also try: Boston Cream Pie
Challenge
Share
Tweet
Embed
Score 0/16 Timer 05:00
0 Plays Today
Designer Product % Correct
NintendoWii
88.1%
Henry FordCar
88.1%
KodakCamera
78.6%
MicrosoftWindows Outlook
76.2%
Vladimir Zworykin Television
73.8%
SonyBlu Ray
73.8%
Applei-pod
71.4%
Thomas EdisonThe Light Bulb
69%
Designer Product % Correct
MotorolaCell Phone
64.3%
SegaDreamcast
54.8%
HasbroMonopoly
42.9%
KonamiYu-Gi-Oh
40.5%
Guglielmo MarconiRadio
31%
Game FreakPokemon Blue
26.2%
Milton BradleyLife
19%
James GoslingJava
14.3%

You're not logged in!

Compare scores with friends on all Sporcle quizzes.
Join for Free
OR
Log In

You Might Also Like...

Show Comments

Extras

Top Quizzes Today


Score Distribution

Your Account Isn't Verified!

In order to create a playlist on Sporcle, you need to verify the email address you used during registration. Go to your Sporcle Settings to finish the process.

Report this User

Report this user for behavior that violates our Community Guidelines.

Details: